000 00333nam a22001457a 4500
008 221007b ||||| |||| 00| 0 eng d
020 _a978141605489
041 _aeng
080 _2sixth edition
_a610.73
082 _a610.73 BUR
100 _a9
101 _aINF
245 _aTHE PRACTICE OF NURSING
_cBURNS N
942 _2udc
_cBK
999 _c58404
_d58404